2024 Olympics Swimming Gold Medallists by Picture - Statistics

General Stats
  • This quiz has been taken 291 times
  • The average score is 25 of 35
Answer Stats
Picture Hint Answer % Correct
Women's 800m Freestyle Katie Ledecky
93%
Women's 1500m Freestyle Katie Ledecky
93%
Men's 200m Breaststroke Léon Marchand
91%
Men's 200m Butterfly Léon Marchand
91%
Men's 200m individual medley Léon Marchand
91%
Men's 400m individual medley Léon Marchand
91%
Men's 4 x 100m Freestyle Relay United States of America
86%
Women's 4 x 100m Medley Relay United States of America
86%
Mixed 4 × 100m medley relay United States of America
86%
Women's 4 x 100m Freestyle Relay Australia
85%
Women's 4 x 200m Freestyle Relay Australia
85%
Men's 4 x 100m Medley Relay China
84%
Women's 200m Butterfly Summer McIntosh
82%
Women's 200m individual medley Summer McIntosh
82%
Women's 400m individual medley Summer McIntosh
82%
Men's 4 x 200m Freestyle Relay Great Britain
74%
Women's 50m Freestyle Sarah Sjöström
71%
Women's 100m Freestyle Sarah Sjöström
71%
Men's 200m Freestyle David Popovici
66%
Women's 400m Freestyle Ariarne Titmus
65%
Men's 1500m Freestyle Bobby Finke
63%
Men's 100m Freestyle Pan Zhanle
62%
Men's 100m Backstroke Thomas Ceccon
62%
Women's 100m Backstroke Kaylee McKeown
61%
Women's 200m Backstroke Kaylee McKeown
61%
Women's 100m Butterfly Torri Huske
58%
Men's 800m Freestyle Daniel Wiffen
57%
Men's 100m Butterfly Kristóf Milák
56%
Women's 200m Freestyle Mollie O'Callaghan
53%
Women's 100m Breaststroke Tatjana Smith
52%
Men's 50m Freestyle Cameron McEvoy
48%
Women's 200m Breaststroke Kate Douglass
47%
Men's 200m Backstroke Hubert Kós
46%
Men's 100m Breaststroke Nicolò Martinenghi
46%
Men's 400m Freestyle Lukas Märtens
38%
No matching quizzes found
Score Distribution
Percent of People with Each Score
Percentile by Number Answered
Your Score History
You have not taken this quiz